| 000 | 00839nas a2200277 4500 | ||
|---|---|---|---|
| 001 | BR2017000016 | ||
| 003 | BR-BrBNA | ||
| 005 | 20231205130806.0 | ||
| 007 | ta | ||
| 008 | 230509b bl.|||p| |||| 00| 00por d | ||
| 040 |
_aBR-BrBNA _bpor _cBiblioteca Nacional de Agricultura |
||
| 041 | _a(En) | ||
| 072 | _aL73 | ||
| 100 | 1 | _aMartins, B.B. | |
| 100 | 1 | _aMartins, M.R.F.B. | |
| 100 | 1 | _aMendes, A.A. | |
| 100 | 1 | _aFernandes, B.C.S. | |
| 100 | 1 | _aAguiar, E.F. | |
| 245 | 1 | _aFootpad Dermatitis in Broilers: Differences between strains and gender | |
| 650 | _aFRANGO DE CORTE | ||
| 650 | _aHISTOPATOLOGIA | ||
| 650 | _aLESÃO | ||
| 773 | 0 |
_tBrazilian Journal of Poultry Science (Brazil) _xISSN 1516-635X _g(Jul-Sep 2016), v. 18(3) p. 461-466 _wBR2017000016 |
|
| 909 |
_a202311 _bLúcia _c55 _dLúcia Elande |
||
| 942 |
_2AGRIS _n0 _cANA |
||
| 999 |
_c251274 _d251274 |
||